Gerencia financiera empresarial

Detalles Bibliográficos
Autor principal: Cr̤doba Padilla, Marcial
Formato: Desconocido
Lenguaje:español
Publicado: Bogot ̀: Ecoe, 2007
Materias:
Acceso en línea:Acceso restringido

MARC

LEADER 00000ny a22000003n 4500
005 20110617125554.0
008 031107s2007 ck 000 0 spa d
020 |a 9789586485074 
035 |a 3393 
040 |a BUS  |d vLex 
090 |c 815  |d 815 
100 1 |a Cr̤doba Padilla, Marcial 
245 1 0 |a Gerencia financiera empresarial  |h [Recurso electrn̤ico]  |c Marcial Cr̤doba Padilla 
256 |a Servicio en ln̕ea 
260 |a Bogot ̀:  |b Ecoe,  |c 2007 
300 |a p. ;  |c cm 
506 1 |a Contenido solo disponible en los productos indicados  |d vLex Global  |d vLex Global (Academic Edition, excluding Law Schools)  |d vLex Global (U.S. Academic Edition, Law Schools)  |d vLex Global (U.S. Academic Edition, excluding Law Schools)  |d vLex Global (Academic Edition, Law Schools) 
650 0 4 |a Gestin̤ de empresas 
740 0 |a vLex Libros (Servicios en ln̕ea) 
856 4 0 |u http://vlex.com/source/3393  |z Acceso restringido 
942 |c BOOK 
999 0 |a Management  |b Colombia